000 00591nam a2200217Ia 4500
003 OSt
005 20220925214701.0
006 a|||||r|||| 00| 0
007 ta
008 220923b |||||||| |||| 00| 0 eng d
037 _cGeneral Book
040 _aRTL
_cRTL
_beng
041 _2eng
_aeng
082 _aXxL48:g, L4
100 _aParekh Bhikhu Ed.
245 0 _aJeremy Bentham
_b Ten Critical essays
260 _aLondon
_bFrank Cass
_c1974
300 _axxvii,204p
_ccm.
942 _hXxL48:g, L4
_cGB
_2CC
999 _c566250
_d566250